000
00264nam a2200109Ia 4500
008
190216s9999||||xx |||||||||||||| ||und||
100
_a
Gupta C B
245
0
_a
Introduction To Statistical Methods
260
_b
Kerala Basha Inst
_c
1973
300
_a
822p
942
_c
BK
999
_c
4087
_d
4087